|
|
|
|
| LEADER |
00696nab a2200193 i 4500 |
| 001 |
publ34948 |
| 005 |
20241018082322.0 |
| 008 |
241018s2024 hu o 000 hun d |
| 022 |
|
|
|a 2559-8066
|
| 024 |
7 |
|
|a 35465440
|2 mtmt
|
| 040 |
|
|
|a SZTE Publicatio Repozitórium
|b hun
|
| 041 |
|
|
|a hun
|
| 100 |
1 |
|
|a Nikolényi Alíz
|
| 245 |
1 |
2 |
|a A korai emlőrák kezelése CDK4/6-inhibitorokkal
|h [elektronikus dokumentum] /
|c Nikolényi Alíz
|
| 260 |
|
|
|c 2024
|
| 300 |
|
|
|a 7-11
|
| 490 |
0 |
|
|a ONKOLÓGIA & HEMATOLÓGIA: AZ ONCOLOGY FOLYÓIRAT MAGYAR NYELVŰ KIADÁSA
|v 14 No. 3
|
| 650 |
|
4 |
|a Klinikai orvostan
|
| 856 |
4 |
0 |
|u http://publicatio.bibl.u-szeged.hu/34948/1/Onkologia2024_3_NikolenyiAliz.pdf
|z Dokumentum-elérés
|